Productos de Supermercado de Argentina - Estadísticas

Estadísticas generales
  • Esta prueba ha sido intentada 66 veces
  • La puntuación promedio es 18 de 24
Estadísticas de respuestas
Marca Producto % Correcto
Matarazzo Fideos
98%
Fargo Pan lactal
92%
Rexona Desodorante
90%
Hellman's Mayonesa
90%
Lays Papas fritas
90%
Dove Jabón de tocador
88%
Pampers Pañales
86%
Colgate Dentífrico
84%
Bagley Galletitas
84%
Savora Mostaza
84%
Dos Anclas Sal
84%
Speed Bebida energizante
80%
Paladini Fiambre
80%
Knorr Sopas/Caldos
80%
Gallo Arroz
78%
Ledesma Azúcar
67%
Ayudín Lavandina
67%
Presto Pronta Polenta
65%
La Paulina Queso
63%
Cocinero Aceite
57%
Gilette Afeitadora
57%
Mogul Caramelos
51%
Alicante Condimento
51%
Vívere Enjuague para la ropa
27%
No se encontraron pruebas coincidentes
Distribución de puntuación
Porcentaje de gente con cada puntuación
Porcentaje por número respondido
Historial de tus puntuaciones
No has intentado esta prueba.